000 00757nam a2200253 i 4500
001 C2-0154564
003 PPAK
005 20180727132101.0
008 980331s1990 enk |||| ||||| | eng d
020 _a0582063566
040 _aPPAK
_beng
_cPPAK
_erda
082 0 4 _a352.0425
_223
090 0 0 _a352.0425
_bCLA
_dR
100 1 _aClarke, Michael,
_eauthor
245 1 4 _aThe management of local management in the 1990's
250 _aClarke, Michael ; Stewart, John, 1929 Mar. 19
264 1 _aHarlow, Essex :
_bLongman Group (UK) ,
_c1990
300 _avii, 98 pages ;
_c23 cm
336 _2rdacontent
_atext
337 _2rdamedia
_aunmediated
338 _2rdacarrier
_avolume
650 1 0 _aEngland . Local government . Management
942 _ddc
_cB
999 _c47616
_d47616